| 000 | 01016nam a2200241Ia 4500 | ||
|---|---|---|---|
| 001 | 19499 | ||
| 003 | GE_BSU | ||
| 008 | 181216s||||||||xx |||||||||||||| ||und|| | ||
| 040 | _cGE_BSU | ||
| 080 | _a811.353.1'367 | ||
| 100 | _aერთელიშვილი, ფ. | ||
| 245 | _aრთული წინადადების ისტორიისათვის ქართულში:ნაწ. 1 : ჰიპოტაქსის საკითხები. | ||
| 245 | _cრედ:ი.ქავთარაძე | ||
| 260 | _aთბილისი | ||
| 260 | _bთბილ. უნ-ტის გამ-ბა | ||
| 260 | _c1962[კანზე: 1963] | ||
| 300 | _a282გვ;22სმ. | ||
| 300 | _bრეზ. რუს. ენ.. - ბიბლიოგრ.: გვ. 279-280. | ||
| 541 | _h2ლ.60თ. | ||
| 653 | _aრთული წინადადება ქართულ ენაში; ჰიპოტაქსი; | ||
| 653 | _aქართული ენა | ||
| 942 | _cBK | ||
| 999 |
_c52476 _d52476 |
||